[Event "San Sebastian Gros op 22nd"]
[Site "San Sebastian"]
[Date "2012.09.25"]
[Round "6"]
[White "Vadillo Jueguen, Jon"]
[Black "Guerrero Itarte, Alfredo"]
[Result "1/2-1/2"]
[WhiteElo "1574"]
[BlackElo "1862"]
[PlyCount "36"]
[EventDate "2012.09.20"]
[EventType "swiss"]
[EventRounds "8"]
[EventCountry "ESP"]
[SourceTitle "EXT 2013"]
[Source "ChessBase"]
[SourceDate "2012.11.22"]
[SourceVersion "1"]
[SourceVersionDate "2012.11.22"]
[SourceQuality "1"]

1. c4 e5 2. Nc3 Nf6 3. Nf3 e4 4. Ng5 b5 5. cxb5 d5 6. d3 h6 7. Nh3 Bxh3 8. gxh3 Bb4 9. a3 Bxc3+ 10. bxc3 a6 11. dxe4 Nxe4 12. Qd4 Qf6 13. Qxf6 Nxf6 14. bxa6 Nxa6 15. Bg2 Rc8 16. Be3 0-0 17. Rg1 c5 18. Bf3 Kh7 1/2-1/2

[Event "Gipuzkoako Banakako Txapelketa"]
[Site "Tolosa"]
[Date "2011.11.13"]
[Round "5.2"]
[White "Vadillo Jueguen, Jon"]
[Black "Abalia Patino, Aritz"]
[Result "0-1"]
[WhiteElo "1614"]
[BlackElo "1643"]
[PlyCount "86"]
[EventDate "2011.10.16"]
[EventType "swiss"]
[EventRounds "5"]
[EventCountry "ESP"]
[SourceTitle "EXT 2024"]
[Source "ChessBase"]
[SourceDate "2023.10.10"]
[SourceVersion "1"]
[SourceVersionDate "2023.10.10"]
[SourceQuality "1"]

1. e4 c5 2. b3 Nc6 3. Bb2 d6 4. Bb5 Nf6 5. d3 e6 6. Nd2 Bd7 7. Ne2 a6 8. Bxc6 Bxc6 9. 0-0 d5 10. e5 Nd7 11. f4 g5 12. f5 Qc7 13. fxe6 fxe6 14. Ng3 0-0-0 15. Rf7 d4 16. Qg4 Qxe5 17. Nc4 Qd5 18. Ne4 Kb8 19. Qxg5 Qxg5 20. Nxg5 Rg8 21. Nf3 Bh6 22. Bc1 Bxc1 23. Rxc1 Rdf8 24. Rxf8+ Nxf8 25. Kf2 Bxf3 26. Kxf3 Ng6 27. g3 b5 28. Nd6 Rf8+ 29. Kg2 Ne5 30. Re1 Ng4 31. Re2 Ne3+ 32. Kh3 Kc7 33. Ne4 Kc6 34. c3 e5 35. Nf2 dxc3 36. Rxe3 c2 37. Re1 Rxf2 38. Rc1 Rd2 39. Kg4 Kd5 40. h4 Kd4 41. Kf5 Kxd3 42. Rf1 Rd1 43. Rf3+ Kd4 0-1

[Event "Gipuzkoako Banakako Txapelketa"]
[Site "Tolosa"]
[Date "2011.10.23"]
[Round "2.1"]
[White "Vadillo Jueguen, Jon"]
[Black "Sanchez Merino, Christian"]
[Result "0-1"]
[WhiteElo "1614"]
[BlackElo "1808"]
[PlyCount "90"]
[EventDate "2011.10.16"]
[EventType "swiss"]
[EventRounds "5"]
[EventCountry "ESP"]
[SourceTitle "EXT 2024"]
[Source "ChessBase"]
[SourceDate "2023.10.10"]
[SourceVersion "1"]
[SourceVersionDate "2023.10.10"]
[SourceQuality "1"]

1. c4 e6 2. d4 c5 3. d5 d6 4. e4 Nf6 5. Nc3 Be7 6. f4 0-0 7. e5 Nfd7 8. Nf3 Nb6 9. Bd3 exd5 10. cxd5 Na6 11. Nb5 Nb4 12. exd6 Nxd3+ 13. Qxd3 Bxd6 14. 0-0 c4 15. Qd4 Bf5 16. Be3 Re8 17. Nd2 Rc8 18. Nxd6 Qxd6 19. Rac1 Qxd5 20. Qxd5 Nxd5 21. Bxa7 Bd3 22. Rfe1 Nxf4 23. Rxe8+ Rxe8 24. Kf2 Re2+ 25. Kf3 Rxd2 26. Kxf4 Rxb2 27. Re1 f6 28. Bc5 Kf7 29. Re7+ Kg6 30. h4 h5 31. g4 hxg4 32. h5+ Kh6 33. Kxg4 Be2+ 34. Kf5 Rb5 35. Kf4 Rxc5 36. Rxe2 c3 37. Rc2 Kxh5 38. Rh2+ Kg6 39. Rg2+ Kf7 40. Rc2 b5 41. Ke4 Ke6 42. Kd4 Rc4+ 43. Kd3 Kd5 44. a3 Rd4+ 45. Ke3 Kc4 0-1

[Event "Gipuzkoako Banakako Txapelketa"]
[Site "Tolosa"]
[Date "2011.10.16"]
[Round "1.5"]
[White "Vadillo Jueguen, Jon"]
[Black "Gonzalez Larraz, Raul"]
[Result "1-0"]
[WhiteElo "1614"]
[BlackElo "1659"]
[PlyCount "35"]
[EventDate "2011.10.16"]
[EventType "swiss"]
[EventRounds "5"]
[EventCountry "ESP"]
[SourceTitle "EXT 2024"]
[Source "ChessBase"]
[SourceDate "2023.10.10"]
[SourceVersion "1"]
[SourceVersionDate "2023.10.10"]
[SourceQuality "1"]

1. e4 e5 2. Nf3 Nc6 3. Bc4 Bc5 4. c3 Nf6 5. d4 exd4 6. cxd4 Bb4+ 7. Nc3 0-0 8. 0-0 Bxc3 9. bxc3 Nxe4 10. d5 Na5 11. Re1 Nxf2 12. Qd4 Qf6 13. Qxf6 gxf6 14. Kxf2 Nxc4 15. Bh6 Rd8 16. Re4 Ne5 17. Nxe5 Re8 18. Rg4+ 1-0